[Event "Cto. Navarra Absoluto Individual 2019"]
[Site "Pamplona"]
[Date "2019.04.14"]
[Round "2"]
[White "Rodriguez Montes, Carlos"]
[Black "Santos Usua, Mikel"]
[Result "1-0"]
[EventDate "2019.04.??"]
[EventCountry "ESP"]
[EventType "swiss"]
[EventRounds "7"]
[WhiteElo "1810"]
[BlackElo "1580"]
[Source "FNA"]
[SourceDate "2019.04.21"]
[SourceTitle "FNA"]

1.e4 e5 2.Nf3 Nc6 3.Bb5 a6 4.Ba4 Nf6 5.O-O Be7 6.d3 b5 7.Bb3 d6 8.c3 O-O 9.h3
Nb8 10.Re1 Bb7 11.Nbd2 c5 12.Nf1 Nc6 13.Bg5 Nd7 14.Be3 Nb6 15.d4 Qc7 16.Ng3 Na5
17.Nf5 Nac4 18.Bg5 Bxg5 19.Nxg5 h6 20.Nf3 Nxb2 21.Qe2 N2a4 22.N3h4 Kh7 23.Qh5
Qd8 24.Re3 Qg5 25.Qxg5 hxg5 26.Nf3 f6 27.Nxd6 exd4 28.cxd4 Rab8 29.Nxb7 Rxb7
30.Rc1 c4 31.Bc2 Kh6 32.d5 c3 33.Nd4 Rc8 34.Nf5 Kh7 35.Nd6 Rbc7 36.Nxc8 Rxc8
37.e5 Kg8 38.Bxa4 Nxa4 39.e6 Kf8 40.d6 Rb8 41.Rexc3 Nxc3 42.Rxc3 Ke8 43.Rc7 Kf8
44.d7 Rd8 45.Kf1 Ke7 46.Rc8 a5 47.Ke2 b4 48.Kd3 a4 49.Kc4 b3 50.Kc3 f5 51.axb3
a3 52.b4 g4 53.hxg4 f4 54.b5 f3 55.gxf3 g5 56.b6 a2 57.Kb2 a1=Q 58.Kxa1 1-0

[Event "Cto. Navarra Absoluto Individual 2019"]
[Site "Pamplona"]
[Date "2019.04.14"]
[Round "2"]
[White "Oyaga Valencia, Jesus Maria"]
[Black "Garraza Obaldia, Esteban"]
[Result "1/2-1/2"]
[EventDate "2019.04.??"]
[EventCountry "ESP"]
[EventType "swiss"]
[EventRounds "7"]
[WhiteElo "1650"]
[BlackElo "1803"]
[Source "FNA"]
[SourceDate "2019.04.21"]
[SourceTitle "FNA"]

1.e4 c5 2.Nf3 d6 3.d4 cxd4 4.Nxd4 Nf6 5.Nc3 a6 6.Bc4 e6 7.Be3 Be7 8.Bb3 b5 9.a3
Qc7 10.O-O Nc6 11.Nxc6 Qxc6 12.f3 O-O 13.Qd2 Nd7 14.Ne2 Nc5 15.Ba2 Bb7 16.Nd4
Qd7 17.Rad1 Rac8 18.c3 Rfd8 19.Nb3 Na4 20.Nc1 Qc7 21.Bd4 Nb6 22.Qf2 Nd7 23.Nd3
Bf6 24.Be3 Nc5 25.Rd2 Re8 26.Rfd1 Na4 27.Nf4 Be5 28.Nd3 Bf6 29.Bd4 e5 30.Be3 a5
31.Rc1 Qe7 32.Bb3 Bg5 33.Bxa4 Bxe3 34.Qxe3 bxa4 35.Qb6 Qc7 36.Qxc7 Rxc7 37.Nf2
Rd8 38.Rcd1 Rcd7 39.Ng4 f6 40.Ne3 g6 41.Kf2 Kf7 42.Nd5 Bxd5 43.Rxd5 Rb7 44.R1d2
Rdb8 45.Rxa5 Rxb2 46.Rxb2 Rxb2 47.Kg3 Rb3 48.Rxa4 Rxc3 49.Ra8 f5 50.Kf2 Kf6
51.h4 fxe4 52.fxe4 Ke6 53.a4 Ra3 54.a5 Kd7 55.a6 Kc6 56.Rc8 Kb6 57.Rd8 Kc6
58.Rh8 Rxa6 59.Rxh7 d5 60.exd5 Kxd5 61.h5 gxh5 62.Rxh5 Ke4 63.Rh3 Ra2 64.Ke1
Rxg2 65.Ra3 Kf4 66.Rb3 e4 67.Rb8 Ra2 68.Rb3 e3 69.Rb8 Ra4 70.Rf8 Ke4 71.Re8 Kd3
72.Rd8 Rd4 73.Rxd4 Kxd4 74.Ke2 Ke4 75.Ke1 Kd3 76.Kd1 Kc3 77.Ke2 Kd4 78.Ke1 e2
79.Kxe2 1/2-1/2

[Event "Cto. Navarra Absoluto Individual 2019"]
[Site "Pamplona"]
[Date "2019.04.14"]
[Round "2"]
[White "Iturralde Olcoz, Sergio"]
[Black "Roviralta Montero, Axel"]
[Result "0-1"]
[EventDate "2019.04.??"]
[EventCountry "ESP"]
[EventType "swiss"]
[EventRounds "7"]
[WhiteElo "1531"]
[BlackElo "1771"]
[Source "FNA"]
[SourceDate "2019.04.21"]
[SourceTitle "FNA"]

1.e4 a6 2.d4 e6 3.Nf3 b5 4.Bd3 c5 5.c3 Bb7 6.O-O c4 7.Bc2 d6 8.Qe2 Nd7 9.a4 Ngf6
10.Bg5 h6 11.Bh4 g5 12.Bg3 Nh5 13.Nbd2 Be7 14.b3 cxb3 15.Bxb3 bxa4 16.Bxa4 O-O
17.e5 Nxg3 18.hxg3 dxe5 19.Nxe5 Nxe5 20.dxe5 Qd5 21.f3 Rfd8 22.Rfd1 Rac8 23.c4
Qd4 24.Kh2 Rc5 25.Rac1 Rxe5 26.Qf1 g4 27.fxg4 Qxg4 28.Nf3 Rh5 0-1

[Event "Cto. Navarra Absoluto Individual 2019"]
[Site "Pamplona"]
[Date "2019.04.14"]
[Round "2"]
[White "Leone Amigot, Haymar"]
[Black "Zaratiegui Cardesa, Jose"]
[Result "1-0"]
[EventDate "2019.04.??"]
[EventCountry "ESP"]
[EventType "swiss"]
[EventRounds "7"]
[WhiteElo "1497"]
[BlackElo "1731"]
[Source "FNA"]
[SourceDate "2019.04.21"]
[SourceTitle "FNA"]

1.e4 Nf6 2.e5 Nd5 3.c4 Nb6 4.c5 Nd5 5.Bc4 e6 6.Bxd5 exd5 7.d4 d6 8.exd6 cxd6
9.Qe2 Be7 10.cxd6 Qxd6 11.Qb5 Nc6 12.Nc3 O-O 13.Nge2 Nb4 14.O-O a6 15.Qa4 Bf5
16.Bf4 Qg6 17.Bg3 Bc2 18.Qd7 Rfe8 19.Nf4 Qc6 20.Qxc6 bxc6 21.Rac1 Bf5 22.a3 Nd3
23.Nxd3 Bxd3 24.Rfd1 Bc4 25.Na4 Bb3 26.Nb6 Bxd1 27.Nxa8 Rxa8 28.Rxd1 Bf6 29.Be5
Bxe5 30.dxe5 Kf8 31.f4 Ke7 32.Kf2 Ke6 33.Rc1 Rc8 34.b4 f6 35.exf6 Kxf6 36.Kf3
Ke6 37.Rc5 Kd6 38.Ra5 Ra8 39.g4 Kc7 40.f5 Kb6 41.g5 Re8 42.Rc5 d4 43.Rc4 Re5
44.Kf4 Rd5 45.f6 gxf6 46.gxf6 d3 47.Rc1 d2 48.Rd1 c5 49.f7 Rd8 50.bxc5 Kxc5
51.Ke5 Rf8 52.Kf6 Rd8 53.Rxd2 Rxd2 54.f8=Q Rd6 55.Ke5 1-0

[Event "Cto. Navarra Absoluto Individual 2019"]
[Site "Pamplona"]
[Date "2019.04.14"]
[Round "2"]
[White "Diaz Redondo, Isidro"]
[Black "Martinez Zazo, Jesus"]
[Result "0-1"]
[EventDate "2019.04.??"]
[EventCountry "ESP"]
[EventType "swiss"]
[EventRounds "7"]
[WhiteElo "1456"]
[BlackElo "1680"]
[Source "FNA"]
[SourceDate "2019.04.21"]
[SourceTitle "FNA"]

1.d4 g6 2.c4 c5 3.d5 Bg7 4.Nc3 Nf6 5.e3 d6 6.Be2 O-O 7.Bf3 a6 8.Nge2 Nbd7 9.Ng3
Ne5 10.Be2 Rb8 11.Rb1 Bd7 12.O-O b5 13.cxb5 axb5 14.b3 b4 15.Nce4 Nxe4 16.Nxe4
Bf5 17.f3 Qa5 18.Bc4 Nxc4 19.bxc4 Qxa2 20.Rb3 Bd7 21.Qd3 Ba4 22.Rf2 Qxb3 0-1

[Event "Cto. Navarra Absoluto Individual 2019"]
[Site "Pamplona"]
[Date "2019.04.18"]
[Round "3"]
[White "Huarte Zozaya, Aitor"]
[Black "Huerga Leache, Mikel"]
[Result "0-1"]
[EventDate "2019.04.??"]
[EventCountry "ESP"]
[EventType "swiss"]
[EventRounds "7"]
[WhiteElo "2031"]
[BlackElo "2448"]
[Source "FNA"]
[SourceDate "2019.04.21"]
[SourceTitle "FNA"]

1.e4 c5 2.Nf3 Nc6 3.Bb5 g6 4.Bxc6 bxc6 5.d3 Bg7 6.Nc3 d6 7.h3 e5 8.Be3 Rb8 9.Na4
f5 10.exf5 gxf5 11.Nh2 Nf6 12.g4 Qa5 13.c3 O-O 14.Qc2 fxg4 15.O-O-O gxh3 16.Rdg1
Bf5 17.f3 Bg6 18.Rg3 Nd5 19.Bd2 Nf4 20.Bxf4 exf4 21.Rxh3 c4 22.Qd1 cxd3 23.Nf1
Rfe8 24.Nd2 Re2 25.Rh4 Qe5 26.Rg1 Qe3 27.Rhh1 d5 28.Rf1 Rb5 0-1

[Event "Cto. Navarra Absoluto Individual 2019"]
[Site "Pamplona"]
[Date "2019.04.18"]
[Round "3"]
[White "Narciso Dublan, Marc"]
[Black "Roldan Marques, Daniel"]
[Result "1-0"]
[EventDate "2019.04.??"]
[EventCountry "ESP"]
[EventType "swiss"]
[EventRounds "7"]
[WhiteElo "2491"]
[BlackElo "2171"]
[Source "FNA"]
[SourceDate "2019.04.21"]
[SourceTitle "FNA"]

1.d4 d5 2.c4 e6 3.Nf3 c6 4.Qc2 Bd6 5.g3 dxc4 6.Qxc4 b5 7.Qd3 Bb7 8.Bg2 Nd7 9.O-O
a6 10.Rd1 Qe7 11.e4 O-O-O 12.a4 e5 13.axb5 cxb5 14.Bh3 Kc7 15.Be3 Ngf6 16.Nbd2
Kb8 17.Rdc1 Bc7 18.d5 Qd6 19.Nb3 Bb6 20.Rxa6 Bxa6 21.Rc6 Qb4 22.Bxb6 Rc8 23.Ba5
Qa4 24.Rxa6 Kb7 25.Rd6 1-0

[Event "Cto. Navarra Absoluto Individual 2019"]
[Site "Pamplona"]
[Date "2019.04.18"]
[Round "3"]
[White "Sevilla Subiza, Javier"]
[Black "Habans Aguerrea, Javier"]
[Result "1-0"]
[EventDate "2019.04.??"]
[EventCountry "ESP"]
[EventType "swiss"]
[EventRounds "7"]
[WhiteElo "2087"]
[BlackElo "2057"]
[Source "FNA"]
[SourceDate "2019.04.21"]
[SourceTitle "FNA"]

1.d4 Nf6 2.Bg5 c5 3.d5 d6 4.Nc3 g6 5.e4 Bg7 6.Bb5 Nbd7 7.a4 O-O 8.Nf3 a6 9.Be2
h6 10.Bf4 Qb6 11.Bc1 Qc7 12.O-O b6 13.Nd2 Rb8 14.f4 Re8 15.Bc4 Bb7 16.Qe2 Kh7
17.Bxa6 e6 18.Bxb7 Rxb7 19.Nb5 Qb8 20.Nc4 Bf8 21.Qf3 exd5 22.exd5 Ne4 23.f5 Bg7
24.Bf4 g5 25.Bxd6 Qd8 26.Bg3 g4 27.Qd3 Ndf6 28.Nbd6 Rd7 29.Nxe8 Qxe8 30.d6 Nxg3
31.hxg3 Kh8 32.Rae1 Qd8 33.Ne5 Nh5 34.f6 Nxf6 35.Nxd7 Nxd7 36.c3 Ne5 37.Rxe5
Bxe5 38.Rxf7 Qg8 39.d7 Bc7 40.Qf5 Bd8 41.Qe5 Bf6 42.Qxf6 1-0

[Event "Cto. Navarra Absoluto Individual 2019"]
[Site "Pamplona"]
[Date "2019.04.18"]
[Round "3"]
[White "Garralda Ruiz, Ander"]
[Black "Abrisqueta Zudaire, Leyre"]
[Result "0-1"]
[EventDate "2019.04.??"]
[EventCountry "ESP"]
[EventType "swiss"]
[EventRounds "7"]
[WhiteElo "1811"]
[BlackElo "2023"]
[Source "FNA"]
[SourceDate "2019.04.21"]
[SourceTitle "FNA"]

1.e4 c5 2.Nf3 Nc6 3.d4 cxd4 4.Nxd4 Nf6 5.Nc3 e6 6.Ndb5 d6 7.Bf4 e5 8.Bg5 a6
9.Na3 Be6 10.Nc4 Rb8 11.Bxf6 Qxf6 12.Nb6 Qg6 13.h4 Be7 14.Qd2 Bd8 15.Nbd5 b5
16.h5 Qh6 17.Qxh6 gxh6 18.O-O-O Nd4 19.a3 Rg8 20.Ne3 Bg5 21.Kb1 Kd7 22.Ncd5 Rgc8
23.c3 Nb3 24.Nc2 Nd2 25.Rxd2 Bxd2 26.Nce3 Bxe3 27.Nxe3 Rc5 28.g3 a5 29.Bh3 b4
30.axb4 axb4 31.c4 Ke7 32.Bf5 Bxc4 33.Bxh7 Bd3 0-1

[Event "Cto. Navarra Absoluto Individual 2019"]
[Site "Pamplona"]
[Date "2019.04.18"]
[Round "3"]
[White "Aldave Aguado, Adrian"]
[Black "Del Carmen Hernandez, Aimer"]
[Result "1-0"]
[EventDate "2019.04.??"]
[EventCountry "ESP"]
[EventType "swiss"]
[EventRounds "7"]
[WhiteElo "1945"]
[BlackElo "1895"]
[Source "FNA"]
[SourceDate "2019.04.21"]
[SourceTitle "FNA"]

1.d4 d5 2.c4 e6 3.Nc3 c6 4.e3 f5 5.g4 Nf6 6.gxf5 exf5 7.Qb3 dxc4 8.Bxc4 Qc7
9.Nf3 Bd6 10.Bd2 Rf8 11.O-O-O Nbd7 12.e4 fxe4 13.Ng5 Nb6 14.Ncxe4 Nxc4 15.Qxc4
Bf5 16.Ne6 Bxe6 17.Qxe6 Be7 18.Rhe1 Nxe4 19.Rxe4 Rf7 20.Bb4 Kf8 21.Rde1 Re8
22.Bd6 Qd8 23.Kb1 g6 24.h4 a6 25.h5 g5 26.a3 a5 27.Ka1 Rg7 28.R1e3 Rf7 29.Kb1 b6
30.Ka1 c5 31.d5 c4 32.Re5 c3 33.bxc3 g4 34.a4 g3 35.Qh6 Kg8 36.Re6 gxf2 37.Rg3
Kh8 38.Be5 Bf6 39.Rxe8 Qxe8 40.Qxf6 Rxf6 41.Bxf6 1-0

[Event "Cto. Navarra Absoluto Individual 2019"]
[Site "Pamplona"]
[Date "2019.04.18"]
[Round "3"]
[White "Cemborain Oricain, Alfonso"]
[Black "Leone Amigot, Haymar"]
[Result "0-1"]
[EventDate "2019.04.??"]
[EventCountry "ESP"]
[EventType "swiss"]
[EventRounds "7"]
[WhiteElo "1930"]
[BlackElo "1497"]
[Source "FNA"]
[SourceDate "2019.04.21"]
[SourceTitle "FNA"]

1.e4 e5 2.Nf3 Nf6 3.Nc3 Nc6 4.d4 Bb4 5.d5 Ne7 6.Bd3 d6 7.O-O O-O 8.Ne2 Ng6 9.Ng3
Bc5 10.c4 Nd7 11.Bd2 a5 12.a3 Nh4 13.Ne1 Bd4 14.Qc1 Ng6 15.Nc2 Nc5 16.Nxd4 Nxd3
17.Qc3 Nc5 18.Nc2 Na4 19.Qe3 b6 20.b4 Qd7 21.Qb3 Ba6 22.Be3 b5 23.c5 dxc5
24.bxc5 Qe7 25.Nf5 Qe8 26.Rfd1 Ne7 27.Ng3 Qd7 28.Ne1 Rfe8 29.Rac1 Rad8 30.Nf3
Ng6 31.Nf5 Nf4 32.Rd2 g6 33.Ng3 Qg4 34.d6 c6 35.Qc2 h5 36.Bxf4 Qxf4 37.Ne2 Qh6
38.h4 Bc8 39.Ng5 f6 40.Qa2 Kg7 41.Qf7 Kh8 42.Qxe8 Rxe8 43.Nf7 Kg7 44.Nxh6 Rd8
45.d7 Rxd7 46.Rxd7 Bxd7 47.Rd1 Nxc5 48.f3 Kxh6 49.Kf2 Kg7 50.Nc1 Kf7 51.Nb3 Nxb3
52.Rxd7 Ke6 53.Rg7 c5 54.Ke2 c4 55.Rxg6 Kf7 56.Rh6 Kg7 57.Rxh5 b4 58.a4 Nd4
59.Kd1 b3 60.Kc1 c3 61.f4 Ne2 62.Kb1 c2 0-1

[Event "Cto. Navarra Absoluto Individual 2019"]
[Site "Pamplona"]
[Date "2019.04.18"]
[Round "3"]
[White "Roviralta Montero, Axel"]
[Black "Ruiz Escobar, Rafael"]
[Result "0-1"]
[EventDate "2019.04.??"]
[EventCountry "ESP"]
[EventType "swiss"]
[EventRounds "7"]
[WhiteElo "1771"]
[BlackElo "1921"]
[Source "FNA"]
[SourceDate "2019.04.21"]
[SourceTitle "FNA"]

1.e4 c5 2.Nf3 d6 3.d4 cxd4 4.Nxd4 Nf6 5.Nc3 a6 6.Bd3 Nc6 7.Nde2 e5 8.h3 Be6
9.O-O Be7 10.Kh1 Qd7 11.Bg5 Bxh3 12.Bxf6 gxf6 13.Nd5 Rg8 14.Ng3 Bg4 15.Nh5 Qd8
16.Be2 Be6 17.Ne3 Qd7 18.f4 exf4 19.Rxf4 Rg6 20.Nf5 Bxf5 21.Rxf5 Ne5 22.Qf1
O-O-O 23.Kg1 Rdg8 24.Nf4 Rg5 25.Nd5 Kb8 26.Ne3 Bd8 27.Nd5 Qc6 28.Rxg5 Rxg5
29.Rd1 Qxc2 30.Nc3 Qxb2 31.Nd5 Ng4 32.Bxg4 Rxg4 33.Qf3 Rg6 34.Nc3 Bb6 35.Kf1 Rh6
36.g3 Rh1 0-1

[Event "Cto. Navarra Absoluto Individual 2019"]
[Site "Pamplona"]
[Date "2019.04.18"]
[Round "3"]
[White "Ortin Blanco, Ainhoa"]
[Black "Fuentes Guinot, Alejandro"]
[Result "1-0"]
[EventDate "2019.04.??"]
[EventCountry "ESP"]
[EventType "swiss"]
[EventRounds "7"]
[WhiteElo "1861"]
[BlackElo "1457"]
[Source "FNA"]
[SourceDate "2019.04.21"]
[SourceTitle "FNA"]

1.d4 d5 2.c4 e6 3.Nc3 Nf6 4.cxd5 exd5 5.Bg5 c6 6.Qc2 Be7 7.Nf3 O-O 8.e3 h6 9.Bf4
Re8 10.Bd3 Nbd7 11.h3 Nf8 12.O-O-O b5 13.Kb1 Ne6 14.Be5 Bd7 15.Rc1 b4 16.Na4 Qa5
17.Nc5 Nxc5 18.dxc5 Be6 19.Nd4 Rac8 20.f4 h5 21.g4 hxg4 22.Nxe6 fxe6 23.hxg4 Bd8
24.Bg6 Re7 25.Qh2 1-0

[Event "Cto. Navarra Absoluto Individual 2019"]
[Site "Pamplona"]
[Date "2019.04.18"]
[Round "3"]
[White "Abrisqueta Zudaire, Ines"]
[Black "Rodriguez Montes, Carlos"]
[Result "0-1"]
[EventDate "2019.04.??"]
[EventCountry "ESP"]
[EventType "swiss"]
[EventRounds "7"]
[WhiteElo "1371"]
[BlackElo "1810"]
[Source "FNA"]
[SourceDate "2019.04.21"]
[SourceTitle "FNA"]

1.d4 d5 2.Nf3 e6 3.e3 Nf6 4.Bd3 c5 5.c3 c4 6.Bc2 Bd6 7.Nbd2 O-O 8.O-O Nc6 9.e4
dxe4 10.Nxe4 Be7 11.Qe2 Bd7 12.Nxf6 Bxf6 13.Qxc4 Rc8 14.Qd3 g6 15.Bh6 Re8
16.Rad1 Qa5 17.a3 Ne7 18.Qe3 Nf5 19.Bxf5 exf5 20.Qd2 Re4 21.Rfe1 Rce8 22.Rxe4
fxe4 23.Ne1 Qh5 24.Nc2 g5 25.Bxg5 Bxg5 26.Ne3 f5 27.Nd5 Bc6 28.Nf4 Bxf4 0-1

[Event "Cto. Navarra Absoluto Individual 2019"]
[Site "Pamplona"]
[Date "2019.04.18"]
[Round "3"]
[White "Garraza Obaldia, Esteban"]
[Black "Ramos Dominguez, Joaquin"]
[Result "0-1"]
[EventDate "2019.04.??"]
[EventCountry "ESP"]
[EventType "swiss"]
[EventRounds "7"]
[WhiteElo "1803"]
[BlackElo "2116"]
[Source "FNA"]
[SourceDate "2019.04.21"]
[SourceTitle "FNA"]

1.e4 c5 2.Nf3 g6 3.d4 cxd4 4.Nxd4 Nc6 5.Nc3 Bg7 6.Be3 Nf6 7.Bc4 O-O 8.Bb3 a5
9.O-O a4 10.Nxa4 Nxe4 11.Nb5 Ra6 12.c4 d6 13.Qe2 Nf6 14.Rad1 Be6 15.Nc5 Ra8
16.Nxe6 fxe6 17.c5 d5 18.Bf4 Qc8 19.Nc7 Nh5 20.Nxe6 Nxf4 21.Nxf4 Rxf4 22.Bxd5
Kf8 23.Rfe1 Bf6 24.Qe3 Rh4 25.g3 Rh5 26.Be6 Qb8 27.Qd2 Nd4 28.Bg4 Rg5 29.Be2 Kg7
30.f4 Rxc5 31.Qb4 Nxe2 32.Rxe2 Qc7 33.Rde1 Re8 34.Re6 Rc1 35.g4 Rc4 36.Qb5 Qc5
37.Qxc5 Rxc5 38.g5 Bd4 39.Kg2 Kf7 40.R1e2 Rb5 41.b3 Bc5 42.R6e5 Ra5 43.h4 b6
44.f5 Bd6 45.fxg6 hxg6 46.Rf2 Kg7 47.Re1 Rf8 48.Rc2 Rc5 49.Rce2 Rc3 50.Re3 Rxe3
51.Rxe3 Rf4 52.Rh3 e5 53.h5 Rg4 54.Kf3 Rxg5 55.hxg6 Kxg6 56.Rh8 Kf5 57.Rd8 e4
58.Ke2 Bc5 59.Ra8 Kf4 60.Kf1 Kf3 0-1

[Event "Cto. Navarra Absoluto Individual 2019"]
[Site "Pamplona"]
[Date "2019.04.18"]
[Round "3"]
[White "Oroz Carrasco, Adrian"]
[Black "Sola Plaza, Gregorio"]
[Result "1/2-1/2"]
[EventDate "2019.04.??"]
[EventCountry "ESP"]
[EventType "swiss"]
[EventRounds "7"]
[WhiteElo "1506"]
[BlackElo "1806"]
[Source "FNA"]
[SourceDate "2019.04.21"]
[SourceTitle "FNA"]

1.d4 Nf6 2.Nf3 d5 3.c4 e6 4.cxd5 exd5 5.Nc3 Be7 6.Bg5 O-O 7.Qb3 c6 8.e3 Re8
9.Bd3 Nh5 10.Bxe7 Qxe7 11.O-O g6 12.Rac1 Ng7 13.Na4 Bf5 14.Bxf5 Nxf5 15.Nc5 Nd6
16.Ne5 f6 17.Ned3 Kh8 18.Rc2 Qc7 19.Na4 Na6 20.Rfc1 Rad8 21.Nc3 Qe7 22.Nc5 Nxc5
23.dxc5 Nf5 24.g3 d4 25.e4 d3 26.Rd2 Nd4 27.Qd1 Qxc5 28.Rxd3 Ne6 29.Rxd8 Rxd8
30.Qf3 Qe5 31.Rd1 Nd4 32.Qd3 c5 33.Nd5 Re8 34.f4 Qxe4 35.Qxe4 Rxe4 36.Nxf6 Re2
37.Nd7 b6 38.b4 Rxa2 39.bxc5 Nf3 40.Kf1 Nxh2 41.Kg1 Nf3 42.Kf1 bxc5 43.Nxc5 Kg7
44.Rd7 Kf6 45.Rxh7 Nd4 46.Nd7 Kf5 47.Nf8 Kg4 48.Nxg6 Kxg3 49.Ke1 a5 50.Rd7 Nf3
51.Kd1 a4 52.f5 a3 53.f6 Rd2 54.Rxd2 Nxd2 55.Kxd2 a2 56.f7 a1=Q 57.f8=Q Qd4
58.Kc2 Qe4 59.Kc3 Qxg6 60.Qb8 Kg4 1/2-1/2

[Event "Cto. Navarra Absoluto Individual 2019"]
[Site "Pamplona"]
[Date "2019.04.18"]
[Round "3"]
[White "Garisoain Ardanaz, Alvaro"]
[Black "Oyaga Valencia, Jesus Maria"]
[Result "1-0"]
[EventDate "2019.04.??"]
[EventCountry "ESP"]
[EventType "swiss"]
[EventRounds "7"]
[WhiteElo "1688"]
[BlackElo "1650"]
[Source "FNA"]
[SourceDate "2019.04.21"]
[SourceTitle "FNA"]

1.d4 d5 2.Nf3 Nf6 3.e3 e6 4.Bd3 c5 5.c3 Nc6 6.Nbd2 Bd6 7.O-O O-O 8.Re1 cxd4
9.exd4 Re8 10.Ne5 Bxe5 11.dxe5 Nd7 12.f4 f6 13.Qh5 f5 14.g4 g6 15.Qh3 Nc5
16.gxf5 Nxd3 17.fxg6 Qb6 18.Re3 Re7 19.Kf1 Nxc1 20.Rg3 Bd7 21.gxh7 Kh8 22.Qh6
Rf7 23.Qg6 Raf8 24.Qg8 1-0

[Event "Cto. Navarra Absoluto Individual 2019"]
[Site "Pamplona"]
[Date "2019.04.18"]
[Round "3"]
[White "Martinez Zazo, Jesus"]
[Black "Malon Insausti, Andres"]
[Result "0-1"]
[EventDate "2019.04.??"]
[EventCountry "ESP"]
[EventType "swiss"]
[EventRounds "7"]
[WhiteElo "1680"]
[BlackElo "1854"]
[Source "FNA"]
[SourceDate "2019.04.21"]
[SourceTitle "FNA"]

1.g3 Nf6 2.Bg2 d5 3.Nf3 c5 4.d3 Nc6 5.O-O Bf5 6.Bg5 e6 7.Nbd2 Be7 8.e4 dxe4
9.dxe4 Nxe4 10.Bxe7 Nxe7 11.Qe2 Nf6 12.Qb5 Qd7 13.Qxc5 O-O 14.c3 b6 15.Qb4 Ned5
16.Qd4 Rac8 17.Ne5 Qc7 18.Ndf3 Rfd8 19.Qh4 h6 20.g4 Be4 21.g5 hxg5 22.Qxg5 Ne7
23.Rfe1 Qb7 24.h4 Nf5 25.h5 Nh6 26.Re3 Rc5 27.Rae1 Rdc8 28.Nh4 Bxg2 29.Nxg2 Nfg4
30.Rg3 f6 31.Qg6 Rxe5 32.Rxe5 Nxe5 33.Qxh6 Nf3 34.Kh1 Rd8 35.Ne3 Ng5 0-1

[Event "Cto. Navarra Absoluto Individual 2019"]
[Site "Pamplona"]
[Date "2019.04.18"]
[Round "3"]
[White "Zaratiegui Cardesa, Jose"]
[Black "Iturralde Olcoz, Sergio"]
[Result "0-1"]
[EventDate "2019.04.??"]
[EventCountry "ESP"]
[EventType "swiss"]
[EventRounds "7"]
[WhiteElo "1731"]
[BlackElo "1531"]
[Source "FNA"]
[SourceDate "2019.04.21"]
[SourceTitle "FNA"]

1.c4 e5 2.g3 d6 3.Bg2 Nc6 4.e3 Be6 5.b3 g6 6.Ne2 Bg7 7.Nbc3 Qd7 8.O-O Nge7 9.d4
Bh3 10.d5 Bxg2 11.Kxg2 Nd8 12.e4 O-O 13.Be3 f5 14.f4 fxe4 15.Nxe4 exf4 16.Rxf4
Nf5 17.Bf2 Bxa1 18.Qxa1 Qg7 19.Bd4 Nxd4 20.Rxf8 Kxf8 21.Nxd4 Qe5 22.Kf3 c5
23.dxc6 Nxc6 24.Nc2 Qxa1 25.Nxa1 Ke7 26.Nc2 Rf8 27.Ke3 h6 28.Ne1 Rf1 29.Nd3 Ra1
30.Nc3 Ke6 31.c5 dxc5 32.Nxc5 Kf5 33.Nxb7 Rh1 34.Nd6 Ke6 35.Nde4 Rxh2 36.Ne2 Nb4
37.a4 Ke5 38.Nd2 Nd5 39.Kd3 Nb4 40.Ke3 Nd5 41.Kd3 Rf2 42.Nc4 Ke6 43.Nd4 Kf6
44.Nd2 Rg2 45.Ne4 Kf7 46.Nc6 Ne7 47.Nxa7 Nf5 48.Nb5 Nxg3 49.Nbd6 Ke6 50.a5 Nxe4
51.Nxe4 Ra2 52.b4 h5 53.a6 Kd7 54.b5 Kc7 55.Nc3 h4 56.Nd5 Kb8 57.Ne3 h3 0-1

[Event "Cto. Navarra Absoluto Individual 2019"]
[Site "Pamplona"]
[Date "2019.04.18"]
[Round "3"]
[White "Pascual Garcia, Martin"]
[Black "Diaz Redondo, Isidro"]
[Result "1-0"]
[EventDate "2019.04.??"]
[EventCountry "ESP"]
[EventType "swiss"]
[EventRounds "7"]
[WhiteElo "1727"]
[BlackElo "1456"]
[Source "FNA"]
[SourceDate "2019.04.21"]
[SourceTitle "FNA"]

1.c4 g6 2.Nc3 Bg7 3.g3 c6 4.e4 d6 5.Nge2 Bg4 6.Bg2 Bxc3 7.bxc3 Nd7 8.d4 Qa5 9.f3
Be6 10.d5 cxd5 11.cxd5 Bxd5 12.Qxd5 Nc5 13.O-O Nf6 14.Qc4 b5 15.Qb4 Qb6 16.Nd4
Nd3 17.Qxb5 Qxb5 18.Nxb5 O-O 19.Bd2 a6 20.Nc7 Ra7 21.Nd5 Nxd5 22.exd5 Kg7 23.Be3
Rb7 24.Rab1 Rfb8 25.Rxb7 Rxb7 26.Bd4 f6 27.Rd1 Nc5 28.Bxc5 dxc5 29.Rd2 Rb1
30.Kf2 Rc1 31.Bf1 Rxc3 32.Bxa6 Rc1 33.Bd3 c4 34.Rc2 1-0

[Event "Cto. Navarra Absoluto Individual 2019"]
[Site "Pamplona"]
[Date "2019.04.19"]
[Round "4"]
[White "Huerga Leache, Mikel"]
[Black "Urriza Iricibar, Pablo"]
[Result "1-0"]
[EventDate "2019.04.??"]
[EventCountry "ESP"]
[EventType "swiss"]
[EventRounds "7"]
[WhiteElo "2448"]
[BlackElo "2301"]
[Source "FNA"]
[SourceDate "2019.04.21"]
[SourceTitle "FNA"]

1.e4 c5 2.Nf3 d6 3.d4 cxd4 4.Nxd4 Nf6 5.f3 e6 6.Nc3 a6 7.Be3 Qc7 8.Qd2 Nbd7
9.O-O-O b5 10.g4 Ne5 11.g5 Nfd7 12.f4 Nc4 13.Bxc4 Qxc4 14.b3 Qc7 15.Rhe1 Bb7
16.Bg1 Qa5 17.Kb2 Rc8 18.Re3 Be7 19.Nf5 b4 20.Nd5 Bxd5 21.Nxe7 Kxe7 22.exd5 e5
23.fxe5 Nxe5 24.Re4 Rc3 25.Rxb4 Qxb4 26.Qxc3 Qxc3 27.Kxc3 Nf3 28.Bd4 Rc8 29.Kb2
Nxg5 30.Bxg7 Nf3 31.h3 Ng5 32.Re1 Kd7 33.Bf6 Nxh3 34.Re7 Kd8 35.Re3 1-0

[Event "Cto. Navarra Absoluto Individual 2019"]
[Site "Pamplona"]
[Date "2019.04.19"]
[Round "4"]
[White "Abrisqueta Zudaire, Leyre"]
[Black "Narciso Dublan, Marc"]
[Result "0-1"]
[EventDate "2019.04.??"]
[EventCountry "ESP"]
[EventType "swiss"]
[EventRounds "7"]
[WhiteElo "2023"]
[BlackElo "2491"]
[Source "FNA"]
[SourceDate "2019.04.21"]
[SourceTitle "FNA"]

1.d4 d6 2.e4 Nf6 3.Nc3 g6 4.Nf3 Bg7 5.Bc4 O-O 6.O-O Bg4 7.h3 Bxf3 8.Qxf3 Nc6
9.Ne2 e5 10.d5 Ne7 11.Qd3 Nd7 12.Be3 f5 13.exf5 gxf5 14.f4 Ng6 15.Qd2 Kh8 16.c3
Qh4 17.Bd3 Rae8 18.Bb5 Qe7 19.Rae1 a6 20.Bd3 Nc5 21.Bc2 exf4 22.Nxf4 Nxf4
23.Bxf4 Ne4 24.Qd3 Be5 25.Qf3 Bxf4 26.Qxf4 c6 27.Rd1 Rf6 28.Rd4 Ref8 29.Re1 c5
30.Rdd1 Re8 31.Rf1 Qg7 32.Rde1 Rg6 33.Re2 Re5 34.Bxe4 fxe4 35.Qh4 Qe7 36.Qxe7
Rxe7 37.Rf4 Rg5 38.Rfxe4 Rxe4 39.Rxe4 Rxd5 40.Re8 Kg7 41.Re7 Kg6 42.Rxb7 Rd2
43.a4 a5 44.Rb5 Kf6 45.Kh2 Ke6 46.c4 h6 47.Kg3 Ke5 48.Rb6 Rd3 49.Kh2 h5 50.b3 h4
51.Kg1 Kf4 52.Rb8 Ke3 53.Rb5 Kd2 54.Rxa5 Rxb3 55.Ra6 Rd3 56.Rb6 Kc3 57.a5 Kxc4
58.a6 d5 59.Rb1 Ra3 60.Rc1 Kb5 61.Rf1 Rxa6 62.Rf4 c4 63.Rxh4 c3 64.Rf4 Ra1
65.Kh2 c2 0-1

[Event "Cto. Navarra Absoluto Individual 2019"]
[Site "Pamplona"]
[Date "2019.04.19"]
[Round "4"]
[White "Roldan Marques, Daniel"]
[Black "Sevilla Subiza, Javier"]
[Result "1/2-1/2"]
[EventDate "2019.04.??"]
[EventCountry "ESP"]
[EventType "swiss"]
[EventRounds "7"]
[WhiteElo "2171"]
[BlackElo "2087"]
[Source "FNA"]
[SourceDate "2019.04.21"]
[SourceTitle "FNA"]

1.d4 Nf6 2.c4 e6 3.Nf3 Bb4 4.Nbd2 b6 5.e3 Bb7 6.Bd3 O-O 7.O-O d5 8.b3 Nbd7 9.Bb2
Be7 10.Rc1 c5 11.Qe2 Re8 12.Rfd1 cxd4 13.exd4 Rc8 14.Ne5 Nf8 15.Qf3 Bd6 16.cxd5
Bxe5 17.dxe5 Bxd5 18.Qe2 N6d7 19.Ne4 Qh4 20.Nd6 Rxc1 21.Rxc1 Ra8 22.g3 Qd8
23.Bd4 f6 24.f4 fxe5 25.fxe5 Qg5 26.Rc7 Qd8 27.Qc2 Nc5 28.Rf7 Nxd3 29.Qxd3 Qg5
30.Qe3 Qg4 31.Rf4 Qd1 32.Rf1 Qg4 33.Qf4 Qxf4 34.Rxf4 Rd8 35.Rf1 Rd7 36.Rc1 Bb7
37.Kf2 Ng6 38.Nxb7 Rxb7 39.Rc8 Kf7 40.Ke3 Ne7 41.Ra8 Rd7 42.Ke4 Rc7 43.a4 Nd5
44.Bb2 Kg6 45.Ba3 a5 46.Re8 Kf7 47.Rf8 Kg6 48.Rf3 Rc2 49.h3 h5 50.Bd6 Rh2 51.h4
Rc2 52.Rf8 Rc3 53.Re8 Kf7 54.Rf8 Kg6 55.Re8 1/2-1/2